00407nam a22001337a 4500003000700000005001700007008004100024082002000065100003500085245007600120260004300196300000800239650002600247MPLRDC20220104144426.0210129b ||||| |||| 00| 0 eng d a051.6 HXZH 2000 a华校校友会联合会总会 a马来西亚华校校友会联合会总会周年纪念特刊, 2000年c ab华校校友会联合会总会c2000 b平 a学术纪要、学刊